00317nam a2200109Ia 4500008004100000020002400041082001600065100003500081245005300116260002800169300001000197210430s9999 xx 000 0 und d a3121-3121-3121-3121 a808 B9328 K aSyed Ahmed Shah Pitras Bukhari aKulyaat-e-PitrascSyed Ahmed Shah Pitras Bukhari aLahorebBook Talkc2006 a496p.